000 00756nam a2200217 a 4500
005 20191224041602.0
008 140227b1997 mx ||||| |||| 00| 0 spa d
040 _aCO-BoIAVH
_cCO-BoIAVH
041 _aspa
044 _amx
082 1 4 _a005.74
_bK81i
100 1 _aKoleff Osorio, Patricia
245 1 0 _aIntroducción a las bases de datos en la biología comparada contemporánea
260 _aMéxico:
_bUniversidad Nacional Autónoma de Mexico. Facultad de Ciencias,
_c1997.
300 _a37 páginas
490 _aPublicaciones docentes del museo de zoología Alffonso L. Herrera"
_v1
650 _aBiología comparada
650 _aSistemas de información
650 _aColecciones biológicas
942 _cFolleto
_2ddc
999 _c1409
_d1409